Kovové konštrukcie a mosty : moderné oceľové mosty. 1. časť /

Saved in:
Bibliographic Details
Main Author: Tesár, Arpád 1919-1989 (Author)
Format: Book
Language:Slovak
Published: Bratislava : Slovenská vysoká škola technická, 1978
Edition:2. vyd.
Subjects:
Online Access: Get full text
Tags: Add Tag
No Tags, Be the first to tag this record!

MARC

LEADER 00000cam a2200000 4500
003 SK-BrCVT
005 20250806095729.0
008 091008s1978 cs ad f p ||||||slo d
020 |q (viaz.) 
035 |a CVTIDWR020343 
040 |a    |b slo  |c CVT  |d CVT  |e AACR2 
041 0 |a slo 
044 |a cs  |c CS 
072 7 |2 CVT  |a 624 
080 1 |a 624.21/.8  |2 2011 
100 1 |a Tesár, Arpád  |d 1919-1989,  |4 aut 
245 1 0 |a Kovové konštrukcie a mosty :  |b moderné oceľové mosty.  |n 1. časť /  |c Arpád Tesár 
250 |a 2. vyd. 
260 3 |a Bratislava :  |b Slovenská vysoká škola technická,  |c 1978 
300 |a 251 s. :  |b grafy, ilustr., lit., tab. ;  |c 29 cm 
366 |e 100 ks  
500 |a Stavebná fakulta 
504 |a Literatúra na s. 8-10 
653 |a konštrukcia mostov 
910 |b S362165 
959 |a 57 
992 |a AUV  |a ASK 
999 |c 214921  |d 214921 
974 |b Rita Zubonyaiová